| 000 | 00546nam a22001577a 4500 | ||
|---|---|---|---|
| 999 |
_c533447 _d533447 |
||
| 020 | _qHard Cover. | ||
| 082 | _a624.1 | ||
| 100 | _aKhan, Hasnain | ||
| 245 |
_aApplication of Effective Micro-Organisms Technology (EMT) in Self-Compacting Cement Based Formulstions / _cHasnain Khan. |
||
| 260 |
_aIslamabad : _bNICE - NUST, _c2017. |
||
| 300 |
_a59 p. : ill. ; _c30cm. |
||
| 942 |
_2ddc _cTHE |
||
| 650 |
_aMS Structural Engineering. _927335 |
||
| 700 |
_aDr. Syed Ali Rizwan. Ph. D. _927336 |
||